Normal view
MARC view
Entry Personal Name
001 - CONTROL NUMBER
- control field: 4741
003 - CONTROL NUMBER IDENTIFIER
- control field: BD-RjUL
005 - DATE AND TIME OF LATEST TRANSACTION
- control field: 20220913093717.0
008 - FIXED-LENGTH DATA ELEMENTS
- fixed length control field: 220913|| aca||aabn | a|a d
040 ## - CATALOGING SOURCE
- Original cataloging agency: BD-RjUL
- Transcribing agency: BD-RjUL
100 ## - HEADING--PERSONAL NAME
- Personal name: پیش لفظ از حسين, ذاکر
670 ## - SOURCE DATA FOUND
- Source citation: Work cat.: (BD-RjUL)80337: ازاد, ابو الكلام # # Azad, Abu Al Kalam 4739, ترجمان القران # # Tarjuman al-Qurʼān /